Statistiques concernant Formule 1: Les coéquipiers de Daniel Ricciardo

Cliquez ici pour prendre le quiz!

Statistiques générales

  • Ce quiz a été pris 75 fois
  • Le résultat moyen est 7 sur 10

Statistiques - réponses

EcurieSaisonPilote% Correct
Red Bull[2016-2018]Max Verstappen
100%
McLaren2021-2022Lando Norris
98%
AlphaTauri/Racing Bulls2023-2024Yuki Tsunoda
94%
Red Bull2014Sebastian Vettel
91%
Renault2019Nico Hülkenberg
89%
Renault2020Esteban Ocon
88%
Red Bull2015-2016Daniil Kvyat
69%
Toro Rosso2012-2013Jean-Éric Vergne
40%
HRT2011 (1GP)Narain Karthikeyan
14%
HRT2011Vitantonio Liuzzi
8%

Distribution des résultats

Percentile par nombre de réponses

% des personnes avec chaque résultat

Votre développement - résultats

Vous n’avez pas pris ce quiz